Tame Impala Songs - Sudden Death - Statistics

General Stats
  • This quiz has been taken 404 times
  • The average score is 5 of 9
Answers on the Grid
Answers color-coded by a green-red scale on the quiz's grid according to % correct below.
Let It Happen
No More Lies
Out In The World
Jeremy's Storm
Labyrinth
Seems Like
Coming Home
Endors Toi
Shirim
Glimmer
Falling Forward
Wesley's Theory
Sun's Coming Up
Unfold
Powerlines
Kingston
The Boat I Row
One More Year
Upside Down
I'll Be Just Fine
 
Answer Stats
Answer % Correct
Let It Happen
99%
One More Year
66%
Endors Toi
56%
No More Lies
53%
Glimmer
49%
The Boat I Row
47%
Jeremy's Storm
43%
Sun's Coming Up
40%
Powerlines
39%
No matching quizzes found
Score Distribution
Percent of People with Each Score
Percentile by Number Answered
Your Score History
You have not taken this quiz